Statistics for MCU Avengers

Click here to take the quiz!

General Stats

  • This quiz has been taken 34 times
  • The average score is 34 of 66

Answer Stats

HintAnswer% Correct
Black PantherBlack Panther
100%
Black WidowBlack Widow
100%
Captain AmericaCaptain America
100%
IronmanIronman
100%
FalconFalcon
95%
GamoraGamora
95%
GrootGroot
95%
HulkHulk
95%
Scarlet WitchScarlet Witch
95%
Spider manSpider man
95%
ThorThor
95%
VisionVision
95%
AntmanAntman
91%
Captain MarvelCaptain Marvel
91%
Star LordStar Lord
91%
DraxDrax
86%
HawkeyeHawkeye
86%
RocketRocket
86%
ShuriShuri
86%
Dr.StrangeDr.Strange
82%
MantisMantis
82%
NebulaNebula
82%
WaspWasp
82%
Nick FuryNick Fury
77%
War MachineWar Machine
77%
Winter SoldierWinter Soldier
77%
LokiLoki
73%
OkoyeOkoye
68%
WongWong
68%
ValkyrieValkyrie
59%
Maria HillMaria Hill
55%
Phil CoulsonPhil Coulson
50%
HeimdallHeimdall
45%
KorgKorg
45%
OdinOdin
41%
Kate BishopKate Bishop
36%
MiekMiek
36%
Moon KnightMoon Knight
36%
Shang ChiShang Chi
36%
SifSif
36%
Yelena BelovaYelena Belova
36%
VolstaggVolstagg
32%
YonduYondu
32%
FandralFandral
27%
HogunHogun
23%
IkarisIkaris
23%
Pietro MaximoffPietro Maximoff
23%
SersiSersi
23%
ThenaThena
23%
GilgameshGilgamesh
18%
AjakAjak
14%
DruigDruig
14%
MakkariMakkari
14%
NakiaNakia
14%
PhastosPhastos
14%
Sharon CarterSharon Carter
14%
SpriteSprite
14%
ErosEros
9%
KingoKingo
9%
Maria RambeauMaria Rambeau
5%
SpeedSpeed
5%
TalosTalos
5%
WiccanWiccan
5%
Agent MobiusAgent Mobius
0%
Black KnightBlack Knight
0%
Sylvie LaufeydottirSylvie Laufeydottir
0%

Score Distribution

Percentile by Number Answered

Percent of People with Each Score

Your Score History

You have not taken this quiz